00767nam a22002057a 450000500170000001000150001702000270003203500130005903700130007208200120008510000220009724500890011926000310020827000780023930000240031750000500034194200260039199900170041795201270043420150811113544.0 aENG-113595 a9780415811941c1195.00 aEN-97127 bDBAD/PUB a954.162 aSaikia, Arupjyoti aA century of protests :cby Arupjyoti Saikiabpeasant politics in Assam since 1900 / aNew DelhibRoutledgec2014 a912 Tolstoy House, 15-17 Tolstoy Marg, Connaught PlacebNew Delhie110001 axvi,480p.c23cm(Hb) aIncludes bibliographical references and index 2ddccENmSAIh954.162 c95169d95169 001040718NFICaDBADbDBADd2015-07-22eDBAD/PUBg1195.00l0o954.162 SAIpEN-97127r2015-07-22 00:00:00t1v1195.00yEN